| 000 | 00961nam a22001937a 4500 | ||
|---|---|---|---|
| 001 | 10092 | ||
| 003 | FISKH | ||
| 005 | 20260408092318.0 | ||
| 008 | 260408b cb ||||| |||| 00| 0 eng d | ||
| 040 |
_aFISKH _bchi _cFISKH _dFISKH |
||
| 082 | _a895.1 | ||
| 100 | _a古堂君 | ||
| 245 |
_a不高兴的毛毛虫 / _cBy 古堂君 |
||
| 300 |
_a20 pages : _bcolor illustrations ; _c21 cm . |
||
| 520 | _a《不高兴的毛毛虫》讲述了一只小毛毛虫的故事。小毛毛虫因为一些事情感到不高兴,它在成长的过程中经历了不同的感受和冒险。通过与周围环境、朋友的互动,它慢慢学会理解自己的情绪,并发现让自己开心的方法。 这本书画风明亮可爱,文字简单,非常适合儿童阅读。它不仅让孩子了解毛毛虫的故事,还能帮助孩子认识和表达自己的情绪,培养情感认知能力。 | ||
| 700 | _a咚东 | ||
| 942 |
_2ddc _cBOOK _n0 |
||
| 999 |
_c10092 _d10092 |
||